Krajiny V4 na ceste do EMÚ
Maastrichtské kritériá na vstup do Európskej menovej únie pre krajiny V4. Ich tabuľkové porovnanie - fluktuácia kurzu národnej meny voči euru, miera inflácie, základná úroková miera, ročný deficit štátneho rozpočtu vo vzťahu k HDP, celkový štátny dlh - za roky 2003-2005.
Salvato in:
| Autore principale: | |
|---|---|
| Natura: | Capitolo di libro |
| Lingua: | slovacco |
| Soggetti: | |
| Tags: |
Nessun Tag, puoi essere il primo ad aggiungerne!!
|
MARC
| LEADER | 00000naa$a2200000$$$4500 | ||
|---|---|---|---|
| 001 | 0048761 | ||
| 005 | 20240502071547.8 | ||
| 041 | 0 | |a slo | |
| 044 | |a SK | ||
| 245 | 1 | 0 | |a Krajiny V4 na ceste do EMÚ |c Otto Sobek |
| 520 | |a Maastrichtské kritériá na vstup do Európskej menovej únie pre krajiny V4. Ich tabuľkové porovnanie - fluktuácia kurzu národnej meny voči euru, miera inflácie, základná úroková miera, ročný deficit štátneho rozpočtu vo vzťahu k HDP, celkový štátny dlh - za roky 2003-2005. | ||
| 610 | 2 | 0 | |a Európska menová únia |
| 610 | 2 | 0 | |a Vyšehradská štvorka |
| 610 | 2 | 0 | |a kurz menový |
| 610 | 2 | 0 | |a miera úroková |
| 610 | 2 | 0 | |a miera inflácie |
| 610 | 2 | 0 | |a deficit rozpočtový |
| 610 | 2 | 0 | |a dlhy štátne |
| 610 | 2 | 0 | |a Poľsko |
| 610 | 2 | 0 | |a Maďarsko |
| 610 | 2 | 0 | |a Česko |
| 610 | 2 | 0 | |a Slovensko |
| 100 | 1 | |a Sobek, Otto | |